[Event "ESP-ch op 68th"]
[Site "Burgos"]
[Date "2003.10.31"]
[Round "8"]
[White "Pascual Paredes, Javier"]
[Black "Rodriguez Vinuesa, Azahara"]
[Result "1-0"]
[WhiteElo "2252"]
[BlackElo "2107"]
[PlyCount "41"]
[EventDate "2003.10.24"]
[EventType "swiss"]
[EventRounds "9"]
[EventCountry "ESP"]
[SourceTitle "EXT 2004"]
[Source "ChessBase"]
[SourceDate "2003.11.25"]
[SourceVersion "1"]
[SourceVersionDate "2003.11.25"]
[SourceQuality "1"]

1. e4 c5 2. Nf3 Nc6 3. Bb5 g6 4. 0-0 Bg7 5. Re1 Nf6 6. e5 Nd5 7. Nc3 Nc7 8. Bxc6 dxc6 9. Ne4 Ne6 10. d3 0-0 11. Be3 b6 12. Qd2 Nd4 13. Nxd4 cxd4 14. Bh6 f5 15. exf6 exf6 16. Re2 Bb7 17. Rae1 c5 18. Bxg7 Kxg7 19. Qf4 Bxe4 20. Qxe4 Qd7 21. Qxa8 1-0

[Event "ESP-ch op 68th"]
[Site "Burgos"]
[Date "2003.10.26"]
[Round "3"]
[White "Pascual Paredes, Javier"]
[Black "Fidalgo Fernandez, Javier"]
[Result "1-0"]
[WhiteElo "2252"]
[BlackElo "2065"]
[PlyCount "103"]
[EventDate "2003.10.24"]
[EventType "swiss"]
[EventRounds "9"]
[EventCountry "ESP"]
[SourceTitle "EXT 2004"]
[Source "ChessBase"]
[SourceDate "2003.11.25"]
[SourceVersion "1"]
[SourceVersionDate "2003.11.25"]
[SourceQuality "1"]

1. e4 e6 2. d4 d5 3. Nc3 Bb4 4. e5 c5 5. a3 Bxc3+ 6. bxc3 Qa5 7. Bd2 Qa4 8. Qb1 c4 9. h4 Nd7 10. h5 f6 11. f4 f5 12. Nf3 Nb6 13. g3 Nh6 14. Ra2 0-0 15. Qb4 Bd7 16. Bh3 Qc6 17. Qe7 Na4 18. Rg1 Rae8 19. Qg5 Qb6 20. Ke2 Qd8 21. Raa1 Nf7 22. Qxd8 Nxd8 23. g4 Nc6 24. gxf5 exf5 25. Nh4 Ne7 26. Rg5 h6 27. Rg3 Rf7 28. Rag1 b5 29. Kd1 Rb8 30. Ng6 Rb6 31. e6 Rxe6 32. Ne5 Rxe5 33. fxe5 Kh8 34. e6 Bxe6 35. Bf4 Nc6 36. Kd2 Nb6 37. Rg6 Bd7 38. Be5 Nxe5 39. dxe5 Re7 40. e6 Be8 41. R6g2 Bxh5 42. Bxf5 Nc8 43. Bg6 Bxg6 44. Rxg6 Nd6 45. Ke3 Nc8 46. Kd4 Rb7 47. Rf1 Kg8 48. Rg2 g5 49. Rgf2 Ne7 50. Rf7 g4 51. Ke5 Ng6+ 52. Kf6 1-0

[Event "ESP-ch op 68th"]
[Site "Burgos"]
[Date "2003.10.25"]
[Round "2"]
[White "Fernandez Romero, Ernesto"]
[Black "Pascual Paredes, Javier"]
[Result "1-0"]
[WhiteElo "2445"]
[BlackElo "2252"]
[PlyCount "127"]
[EventDate "2003.10.24"]
[EventType "swiss"]
[EventRounds "9"]
[EventCountry "ESP"]
[SourceTitle "EXT 2004"]
[Source "ChessBase"]
[SourceDate "2003.11.25"]
[SourceVersion "1"]
[SourceVersionDate "2003.11.25"]
[SourceQuality "1"]

1. e4 c5 2. Nf3 d6 3. d4 cxd4 4. Nxd4 Nf6 5. Nc3 a6 6. Bg5 e6 7. f4 Be7 8. Qf3 Nc6 9. Nxc6 bxc6 10. 0-0-0 Nd7 11. Bxe7 Qxe7 12. h4 Rb8 13. h5 0-0 14. h6 g6 15. g4 d5 16. Qe3 Qb4 17. b3 Nf6 18. g5 Nd7 19. Bh3 Qc5 20. Qd2 Nb6 21. Qd4 Qxd4 22. Rxd4 c5 23. Rd2 d4 24. Ne2 Bb7 25. Re1 e5 26. fxe5 Rbe8 27. c3 Rxe5 28. cxd4 cxd4 29. Rxd4 Rxg5 30. Rb4 Bc8 31. Rxb6 Bxh3 32. Nf4 Bc8 33. Nd5 Kh8 34. Rb8 Rh5 35. Kb1 Rxd5 36. Rxc8 Rxc8 37. exd5 Kg8 38. Re7 Rd8 39. Ra7 f5 40. Rxa6 Rxd5 41. Ra8+ Kf7 42. Ra7+ Kf6 43. Rxh7 f4 44. Rh8 g5 45. Kc2 Kg6 46. a4 Re5 47. b4 Re4 48. Kc3 Re3+ 49. Kd4 Re7 50. h7 Rf7 51. Rg8+ Kxh7 52. Rxg5 f3 53. Rg1 Rf4+ 54. Kc5 f2 55. Rf1 Rf5+ 56. Kd6 Kg6 57. b5 Rf6+ 58. Kc7 Rf7+ 59. Kc6 Rf6+ 60. Kb7 Kf7 61. a5 Ke6 62. a6 Kd6 63. a7 Rf7+ 64. Kb6 1-0

[Event "Benidorm op U2300 02nd"]
[Site "Benidorm"]
[Date "2002.??.??"]
[Round "6.8"]
[White "Pascual Paredes, Javier"]
[Black "Kuzev, Jordan"]
[Result "1-0"]
[WhiteElo "2220"]
[BlackElo "2277"]
[PlyCount "123"]
[EventDate "2002.11.22"]
[EventType "swiss"]
[EventRounds "9"]
[EventCountry "ESP"]
[SourceTitle "CBM 091 Extra"]
[Source "ChessBase"]
[SourceDate "2003.01.09"]
[SourceVersion "1"]
[SourceVersionDate "2003.01.09"]
[SourceQuality "1"]

1. e4 d5 2. exd5 Nf6 3. d4 Nxd5 4. Nf3 Bg4 5. Be2 e6 6. Ne5 Bxe2 7. Qxe2 c6 8. 0-0 Be7 9. c4 Nb6 10. Rd1 0-0 11. Nc3 N8d7 12. Bf4 Nf6 13. Rd3 a5 14. Rad1 a4 15. Rh3 Re8 16. Ne4 Nbd7 17. Nxf7 Qb6 18. c5 Qa6 19. Nxf6+ Bxf6 20. Qh5 Nf8 21. Nd6 Re7 22. Ne4 Rf7 23. Nd6 Re7 24. Be5 Bxe5 25. Qxe5 Rd8 26. f4 Nd7 27. Qe4 Nf6 28. Qd3 Qa5 29. Qd2 Qxd2 30. Rxd2 Nd5 31. Ra3 b5 32. g3 h6 33. Re2 g6 34. Rf3 Rf8 35. Rf1 Kg7 36. Rfe1 Kf6 37. Ne4+ Kg7 38. Nd6 Kf6 39. h4 Ra8 40. Ne4+ Kf7 41. Nd6+ Kf6 42. Ne4+ Kf7 43. Nc3 Nf6 44. Ne4 Nd5 45. Kg2 Nc7 46. Nd6+ Kf6 47. h5 gxh5 48. Rh1 Rg8 49. Re5 Nd5 50. Kf3 h4 51. Rxh4 Rg6 52. g4 Kg7 53. f5 Rf6 54. Kg3 Rf8 55. fxe6 Kg6 56. Nf7 Kg7 57. Nxh6 a3 58. bxa3 Ra7 59. Nf5+ Kg8 60. Rh6 Rxa3+ 61. Kh4 Rxa2 62. Ne7+ 1-0

[Event "ESP-chT2"]
[Site "Vila Real"]
[Date "2001.08.13"]
[Round "1"]
[White "Herraiz Hidalgo, Herminio"]
[Black "Pascual Paredes, Javier"]
[Result "1/2-1/2"]
[WhiteElo "2443"]
[BlackElo "2221"]
[PlyCount "57"]
[EventDate "2001.08.13"]
[EventType "team-tourn"]
[EventRounds "7"]
[EventCountry "ESP"]
[SourceTitle "EXT 2002"]
[Source "ChessBase"]
[SourceDate "2001.11.25"]
[SourceVersion "1"]
[SourceVersionDate "2001.11.25"]
[SourceQuality "1"]

1. d4 Nf6 2. c4 c5 3. d5 g6 4. Nc3 d6 5. e4 Bg7 6. Bd3 0-0 7. Nge2 e6 8. 0-0 exd5 9. cxd5 Na6 10. a3 Re8 11. Ng3 Rb8 12. Rb1 Nc7 13. b4 Ng4 14. Nce2 cxb4 15. axb4 h5 16. h3 Ne5 17. Bc2 h4 18. Nh1 f5 19. exf5 Bxf5 20. Bxf5 gxf5 21. Nd4 Qf6 22. Qh5 Nd3 23. Nxf5 Re5 24. g4 Nxc1 25. Rbxc1 Nxd5 26. f4 Re2 27. Nh6+ Kh7 28. Nf5+ Kg8 29. Nh6+ 1/2-1/2

[Event "Santander op"]
[Site "Santander"]
[Date "2000.??.??"]
[Round "3"]
[White "Peric, Slavisa"]
[Black "Pascual Paredes, Javier"]
[Result "1/2-1/2"]
[WhiteElo "2357"]
[BlackElo "2208"]
[PlyCount "27"]
[EventDate "2000.??.??"]
[EventType "swiss"]
[EventRounds "3"]
[EventCountry "ESP"]
[SourceTitle "EXT 2001"]
[Source "ChessBase"]
[SourceDate "2000.11.22"]
[SourceVersion "1"]
[SourceVersionDate "2000.11.22"]
[SourceQuality "1"]

1. d4 Nf6 2. Nf3 g6 3. Nc3 d5 4. Bf4 Bg7 5. e3 0-0 6. Be2 c6 7. Ne5 Nfd7 8. h4 f6 9. Nxd7 Nxd7 10. h5 e5 11. Bg3 f5 12. hxg6 hxg6 13. dxe5 Nxe5 14. Qd2 1/2-1/2

[Event "ESP-ch U18"]
[Site "Spain"]
[Date "1997.??.??"]
[Round "6"]
[White "Pascual Paredes, Javier"]
[Black "Carrasco Martinez, Juan Manuel"]
[Result "1/2-1/2"]
[WhiteElo "2025"]
[BlackElo "2250"]
[PlyCount "160"]
[EventDate "1997.??.??"]
[EventType "swiss"]
[EventRounds "9"]
[EventCountry "ESP"]
[SourceTitle "EXT 2001"]
[Source "ChessBase"]
[SourceDate "2000.11.22"]
[SourceVersion "1"]
[SourceVersionDate "2000.11.22"]
[SourceQuality "1"]

1. e4 e6 2. d4 d5 3. Nc3 Bb4 4. e5 c5 5. a3 Bxc3+ 6. bxc3 Qc7 7. Qg4 f5 8. Qg3 Nc6 9. Nf3 Nge7 10. Qxg7 Rg8 11. Qxh7 cxd4 12. Qh5+ Ng6 13. Bb5 Bd7 14. Bxc6 Bxc6 15. 0-0 dxc3 16. Nh4 Qf7 17. Nxg6 Rxg6 18. Qh8+ Rg8 19. Qf6 Qxf6 20. exf6 d4 21. g3 e5 22. Re1 e4 23. Bf4 Kf7 24. Be5 Rad8 25. Rad1 Rd5 26. f4 Rgd8 27. g4 e3 28. g5 R5d7 29. h4 Bf3 30. Rc1 Kg6 31. Kh2 Be4 32. Kg3 Rh7 33. a4 Kf7 34. Re2 Kg6 35. Rh2 Kh5 36. Rd1 Bxc2 37. Rxd4 Rxd4 38. Bxd4 Bxa4 39. Bxc3 Bb5 40. Rc2 e2 41. Be1 a6 42. Rc8 Kg6 43. h5+ Kxh5 44. Rg8 Bc4 45. g6 Rc7 46. f7 Bxf7 47. gxf7 Rxf7 48. Rg5+ Kh6 49. Kf3 b6 50. Kxe2 a5 51. Kd3 a4 52. Bb4 b5 53. Ba3 Rd7+ 54. Kc3 Rc7+ 55. Kb2 Rc4 56. Bf8+ Kh7 57. Bd6 b4 58. Rxf5 Rd4 59. Bc5 Re4 60. Bd6 Re2+ 61. Kc1 b3 62. Rb5 Kg6 63. Rb4 Ra2 64. Rb5 Rf2 65. Be5 Rc2+ 66. Kb1 Kf5 67. Bd6+ Ke4 68. Rb4+ Kd5 69. Be7 Ra2 70. f5 Ke5 71. f6 Ke6 72. Bd8 Rd2 73. Be7 Ra2 74. Rb6+ Kf7 75. Ra6 Kg6 76. Kc1 Rc2+ 77. Kb1 Ra2 78. Bd8 Rd2 79. Be7 Ra2 80. Ra8 a3 1/2-1/2